00857nam a22002297a 4500003000900000008004100009040007100050082002300121245006700144260002700211300002900238440005500267505008000322650002400402650002300426650002600449700003300475700002700508700002900535700003000564700003300594AR-CdUCM190429b ||||| |||| 00| 0 spa d aMUNICIPALIDAD PROVINCIAL DEL CUSCOcBIBLIOTECA MUNICIPAL DEL CUSCO aKuntur/N°4-5/1978 aKuntur :brevista literaria /cJuan Cancio Anco Cayo, Director aSicuani.b[sn],c1978. a100 páginas. :c17 cm. aKuntur revista literaria.nN°4, 5, abril de 1978. aContenido: Poemas. Las puertas de la noche. Noche Jubilosa. Peregrino. ...  aPoesía cusqueña aPoetas cusqueños aLiteratura cusqueña aAguilar Guerra, Blas Valerio aQuispe Alanoca, Adrian aMendoza Velarde, Obdulia aOjeda del Carpio, Luzmila aSantander Cascelli, Víctor